Normal view
MARC view
Entry Personal Name
001 - CONTROL NUMBER
- control field: 1044816
003 - CONTROL NUMBER IDENTIFIER
- control field: OSt
005 - DATE AND TIME OF LATEST TRANSACTION
- control field: 20260121161434.0
008 - FIXED-LENGTH DATA ELEMENTS
- fixed length control field: 260121|| aca||aabn | a|a d
040 ## - CATALOGING SOURCE
- Original cataloging agency: OSt
- Transcribing agency: OSt
100 ## - HEADING--PERSONAL NAME
- Personal name: Grief and the Expressive Arts
670 ## - SOURCE DATA FOUND
- Source citation: Work cat.: (OSt)1610816: Grief and the Expressive Arts, Barbara E. Thompson; Robert A. Neimeyer
